Statistiques concernant Mots cachés n°29

Cliquez ici pour prendre le quiz!

Statistiques générales

  • Ce quiz a été pris 80 fois
  • Le résultat moyen est 24 sur 25

Statistiques - réponses

QuestionTuileSelect% Correct
cran, lyre, yen et boule.ONon
99%
cran, lyre, yen et boule.TNon
99%
cran, lyre, yen et boule.COui
97%
cran, lyre, yen et boule.EOui
97%
cran, lyre, yen et boule.LOui
97%
cran, lyre, yen et boule.NNon
97%
cran, lyre, yen et boule.ONon
97%
cran, lyre, yen et boule.SNon
97%
cran, lyre, yen et boule.UNon
97%
cran, lyre, yen et boule.YOui
97%
cran, lyre, yen et boule.AOui
96%
cran, lyre, yen et boule.BOui
96%
cran, lyre, yen et boule.NNon
96%
cran, lyre, yen et boule.ENon
94%
cran, lyre, yen et boule.ENon
94%
cran, lyre, yen et boule.ONon
94%
cran, lyre, yen et boule.UOui
94%
cran, lyre, yen et boule.LOui
93%
cran, lyre, yen et boule.NNon
93%
cran, lyre, yen et boule.ROui
93%
cran, lyre, yen et boule.EOui
92%
cran, lyre, yen et boule.NOui
92%
cran, lyre, yen et boule.OOui
92%
cran, lyre, yen et boule.EOui
88%
cran, lyre, yen et boule.NOui
86%

Distribution des résultats

Percentile par nombre de réponses

% des personnes avec chaque résultat

Votre développement - résultats

Vous n’avez pas pris ce quiz